QuickPascal : a self-teaching guide /

Guardado en:
Autor Principal: Weiskamp, Keith.
Otros Autores: Aguiar, Saul.
Formato: Libro
Idioma:English
Publicado: New York : Wiley, c1990.
Materias:
Etiquetas: Agregar Etiqueta
Sin Etiquetas, Sea el primero en etiquetar este registro!
LEADER 00664cam a2200217 a 4500
001 MAT.inmabb006029
008 891017s1990####nyua##########001#0#eng##
005 20160610135032.0
245 1 0 |a QuickPascal :  |b a self-teaching guide /  |c Keith Weiskamp, Saul Aguiar. 
260 |a New York :  |b Wiley,  |c c1990. 
300 |a xvii, 340 p. :  |b il. ;  |c 24 cm. 
500 |a Incluye índice. 
020 |a 0471514977 
100 1 |a Weiskamp, Keith. 
700 1 |a Aguiar, Saul. 
650 0 |a Pascal (Computer program language) 
630 0 0 |a Microsoft QuickPascal. 
084 |a 68N15  |2 msc2000 
010 |a  89024981  
040 |a DLC  |c DLC  |d DLC 
859 |h 68  |i W428  |p A-6389  |b BIB. MATEMATICA